Pridaná hodnota závodnou metódou za 1.-3. štvrťrok 1997

Salvato in:
Dettagli Bibliografici
Natura: Libro
Lingua:slovacco
Pubblicazione: Bratislava Štatistický úrad Slovenskej republiky 1997
Serie:Národné účty
Soggetti:
Tags: Aggiungi Tag
Nessun Tag, puoi essere il primo ad aggiungerne!!

MARC

LEADER 00000nam a2200000 4500
001 c100424
005 20251208103309.4
041 0 |a slo 
044 |a SK 
245 1 0 |a Pridaná hodnota závodnou metódou za 1.-3. štvrťrok 1997 
264 1 |a Bratislava  |b Štatistický úrad Slovenskej republiky  |c 1997 
300 |a 13 s. 
490 1 |a Národné účty 
830 0 |a Národné účty 
610 2 0 |a hodnota pridaná 
610 2 0 |a produkcia hrubá 
610 2 0 |a medzispotreba 
610 2 0 |a činnosť hospodárska 
610 2 0 |a aktivita hospodárska 
610 2 0 |a spotreba 
610 2 0 |a prostriedky mzdové 
610 2 0 |a pracovníci 
610 2 0 |a mzdy mesačné 
610 2 0 |a Slovensko